Statistics for Countries Containing "North" or South In Their Name

Click here to take the quiz!

General Stats

  • This quiz has been taken 72 times
  • The average score is 5 of 5

Answer Stats

North/SouthCountry% Correct
SouthSouth Korea
97%
NorthNorth Korea
96%
SouthSouth Sudan
91%
NorthNorth Macedonia
84%
SouthSouth Africa
83%

Score Distribution

Percentile by Number Answered

Percent of People with Each Score

Your Score History

You have not taken this quiz